| 000 | 00948nab a2200277uu 4500 | ||
|---|---|---|---|
| 001 | 02714 | ||
| 003 | HDC | ||
| 007 | cr aa aaaau | ||
| 008 | 201217p2013 uk ||||| |||| 00| 0 eng d | ||
| 040 | _aHDC | ||
| 100 |
_aGayatri, Gita _eauthor _9475 |
||
| 245 | 0 |
_aHow do Muslim consumers perceive service quality? / _cGita Gayatri, Janet Chew |
|
| 260 |
_aBingley, UK : _bEmerald Insight, _c2013 |
||
| 300 |
_a1 online resource (21 pages) : _billustration |
||
| 336 |
_atext _2rdacontent |
||
| 337 |
_acomputer _2rdamedia |
||
| 338 |
_aonline resource _2rdacarrier |
||
| 650 |
_aInstrument development _9478 |
||
| 650 |
_aIslamic values _9476 |
||
| 650 |
_aService quality _9477 |
||
| 700 |
_aChew, Janet _eauthor _9479 |
||
| 856 | _zRequest full-text at [email protected] | ||
| 942 | _2lcc | ||
| 942 | _cAR | ||
| 942 | _kJART 001010 | ||
| 999 |
_c101 _d101 |
||